[Event "IRL-chT"]
[Site "Dublin"]
[Date "2019.04.07"]
[Round "4.3"]
[White "Jackson, Peter D"]
[Black "O'Higgins, Niall"]
[Result "0-1"]
[WhiteElo "1838"]
[BlackElo "1686"]
[PlyCount "54"]
[EventDate "2019.04.05"]
[EventType "team-swiss"]
[EventRounds "5"]
[EventCountry "IRL"]
[SourceTitle "CBM 189 Extra"]
[Source "ChessBase"]
[SourceDate "2019.06.03"]
[SourceVersion "1"]
[SourceVersionDate "2019.06.03"]
[SourceQuality "1"]
[WhiteTeam "Dun Laoghaire"]
[BlackTeam "Bray"]
[WhiteTeamCountry "IRL"]
[BlackTeamCountry "IRL"]

1. d4 Nf6 2. Nf3 e6 3. c4 c5 4. g3 d5 5. cxd5 Nxd5 6. Bg2 Be7 7. 0-0 0-0 8. Nc3 Nxc3 9. bxc3 Nc6 10. Bf4 Qa5 11. Qd3 Rd8 12. Rfd1 cxd4 13. cxd4 Bf6 14. Qc4 Bd7 15. Rab1 Rac8 16. Qb3 b6 17. e4 Nxd4 18. Rxd4 Bxd4 19. Nxd4 e5 20. Bd2 Qxd2 21. Nf3 Qd6 22. Rd1 Qf6 23. Qb2 Bg4 24. Rxd8+ Rxd8 25. Qb3 Qd6 26. h3 Qd1+ 27. Qxd1 Rxd1+ 0-1

[Event "IRL-chT"]
[Site "Dublin"]
[Date "2019.04.06"]
[Round "3.4"]
[White "O Connor, Hugh"]
[Black "Jackson, Peter D"]
[Result "1-0"]
[WhiteElo "1619"]
[BlackElo "1838"]
[PlyCount "77"]
[EventDate "2019.04.05"]
[EventType "team-swiss"]
[EventRounds "5"]
[EventCountry "IRL"]
[SourceTitle "CBM 189 Extra"]
[Source "ChessBase"]
[SourceDate "2019.06.03"]
[SourceVersion "1"]
[SourceVersionDate "2019.06.03"]
[SourceQuality "1"]
[WhiteTeam "UCD"]
[BlackTeam "Dun Laoghaire"]
[WhiteTeamCountry "IRL"]
[BlackTeamCountry "IRL"]

1. e4 c6 2. Nf3 d5 3. Nc3 e6 4. d4 Nf6 5. e5 Nfd7 6. Be3 c5 7. dxc5 Nxc5 8. Qd2 Nc6 9. Bb5 Bd7 10. a3 Be7 11. Bxc6 bxc6 12. b4 Nb7 13. Na4 0-0 14. 0-0 f6 15. Rfe1 Qe8 16. Rad1 Qh5 17. Bd4 f5 18. c4 Rac8 19. Bxa7 Ra8 20. Qd4 Qg4 21. Qb6 Bc8 22. Nd4 Bd8 23. Qxc6 Qg6 24. cxd5 exd5 25. Qxd5+ Kh8 26. e6 Rxa7 27. e7 Bxe7 28. Rxe7 Rxa4 29. Rxb7 Bxb7 30. Qxb7 Rxa3 31. Nc6 Re8 32. b5 Rc3 33. Qd7 h5 34. Nd8 Rf8 35. Ne6 Re8 36. Nf4 Qg4 37. Qxe8+ Kh7 38. Qe2 Qxf4 39. g3 1-0